Adelgaza de donde quieras : (Registro nro. 30114)
[ vista simple ]
| 000 -LEADER | |
|---|---|
| fixed length control field | 02936nam a2200289Ia 4500 |
| 003 - CONTROL NUMBER IDENTIFIER | |
| control field | CO-CtgCURN |
| 005 - DATE AND TIME OF LATEST TRANSACTION | |
| control field | 20251105204709.0 |
| 008 - FIXED-LENGTH DATA ELEMENTS--GENERAL INFORMATION | |
| fixed length control field | 190725s2005 xx 000 0 und d |
| 020 ## - INTERNATIONAL STANDARD BOOK NUMBER | |
| International Standard Book Number | 8497342828 |
| 040 ## - CATALOGING SOURCE | |
| Original cataloging agency | CO-CtgCURN |
| Language of cataloging | spa |
| Transcribing agency | coctgcurn |
| 082 ## - DEWEY DECIMAL CLASSIFICATION NUMBER | |
| Classification number | 613.24 |
| Item number | P164a |
| 100 ## - MAIN ENTRY--PERSONAL NAME | |
| Personal name | Pallardy, Pierre |
| Relator term | autor |
| 245 #0 - TITLE STATEMENT | |
| Title | Adelgaza de donde quieras : |
| Remainder of title | con la energía del cuerpo y de la mente / |
| Statement of responsibility, etc. | Pierre Pallardy; traducción., Atalaire |
| 250 ## - EDITION STATEMENT | |
| Edition statement | 1 edición |
| 260 ## - PUBLICATION, DISTRIBUTION, ETC. | |
| Place of publication, distribution, etc. | Madrid, España : |
| Name of publisher, distributor, etc. | La esfera de los libros, |
| Date of publication, distribution, etc. | 2005 |
| 300 ## - PHYSICAL DESCRIPTION | |
| Extent | 250 páginas , |
| Other physical details | ilustraciones ; |
| Dimensions | 24 centímetros |
| 500 ## - GENERAL NOTE | |
| General note | Título original: Maigrir la ou vous voulez |
| 500 ## - GENERAL NOTE | |
| General note | Incluye introducción e índice |
| 505 ## - FORMATTED CONTENTS NOTE | |
| Formatted contents note | Cap. I. Reconciliarse con uno mismo -- El test del espejo de perfil -- El test del espejo de frente -- Piense en positivo -- Memorándum -- Cap. II. Concentre sus energías -- La energía respiratoria -- La energía mental -- La energía alimenticia -- Memorándum -- Cap. III. Imprégnese de sabiduría oriental -- En memoria con las leyes de la naturaleza -- Lecciones de oriente -- Más allá de la medicina tradicional -- Dar prioridad a la armonía -- Vocabulario que hay que conocer -- Memorándum -- Cap. IV. Actuar para adelgazar de donde usted quiera -- Automasaje -- Gimnasia energética -- Guia de adelgazamiento -- Vientre y cintura -- Caderas y nalgas -- Muslos y piernas -- Pecho y tórax -- Hombros y brazos -- Espalda -- Pies y manos -- Cara y cuello -- Su programa diario -- Cap. V. Alimentación energética -- Elegir los alimentos -- Cómo tratar los alimentos -- Observe el yin y el yang -- Mi consejo: un buen desayuno como starter -- Aliados de la energía -- Falsos amigos de la energía -- Alimentación energética diaria -- Siga el ritmo de su reloj energético -- |
| 520 ## - SUMMARY, ETC. | |
| Summary, etc. | ¿Quién no ha intentado adelgazar alguna vez? Muchas mujeres y hombres lo han logrado con alguno de los innumerables métodos y regímenes que existen. Entonces, se puede concluir, adelgazar no es tan difícil. Sin embargo, sí lo es adelgazar de donde uno quiere, de esa parte del cuerpo con la que no nos sentimos satisfechos aunque hayamos seguido a rajatabla la dieta escogida.Este libro práctico, del que se han vendido más de 200.000 ejemplares en Francia, nos enseña a perder peso y modelar dicha zona «rebelde» mediante un proceso completamente natural que se fundamenta en la relajación, la concentración y la acumulación de energías provenientes de la respiración, la mente y la alimentación. Se trata de una gran aventura que va mucho mas a lla del del hecho de adelgazar y que solo te robara unos pocos minutos al dia. |
| 521 ## - TARGET AUDIENCE NOTE | |
| Target audience note | AREA BASICA |
| 590 ## - LOCAL NOTE (RLIN) | |
| Local note | Todos los programas académicos |
| 650 ## - SUBJECT ADDED ENTRY--TOPICAL TERM | |
| Topical term or geographic name entry element | Adelgazamiento |
| 710 ## - ADDED ENTRY--CORPORATE NAME | |
| Corporate name or jurisdiction name as entry element | Atalaire |
| Relator term | traducción |
| 942 ## - ADDED ENTRY ELEMENTS (KOHA) | |
| Koha item type | Libros |
| Classification part | 613.24 |
| Item part | P164a |
| Source of classification or shelving scheme | Dewey Decimal Classification |
| Withdrawn status | Lost status | Damaged status | Not for loan | Collection | Home library | Current library | Shelving location | Date acquired | Inventory number | Total checkouts | Full call number | Barcode | Date last seen | Copy number | Price effective from | Koha item type |
|---|---|---|---|---|---|---|---|---|---|---|---|---|---|---|---|---|
| General | Miguel Henríquez Castañeda Barranquilla | Miguel Henríquez Castañeda Barranquilla | General | 05/23/2018 | 03339 | 613.24 P164a | 03339 | 07/25/2019 | ej.1 | 07/25/2019 | Libros |